10 najmłodszych kantonów według daty przystąpienia do konfed - Statystyki

Ogólne statystyki
  • Ten quiz został rozwiązany 22 razy
    20 od ostatniego zresetowania
  • Średni wynik to 7 z 10
Statystyki odpowiedzi
Kantony % Poprawnych
Genewa
82%
Gryzonia
76%
Jura
76%
Ticino
71%
Vaud
71%
Turgowia
65%
Wallis
65%
Argowia
59%
Neuchâtel
59%
Sankt Gallen
53%
Nie znaleziono quizów pasujących do podanych kryteriów
Rozkład punktacji
Procent ludzi z każdym wynikiem
Percentyl według liczby udzielonych odpowiedzi
Twoja historia wyników
Nie rozwiązałeś tego quizu od ostatniego zresetowania